000 00853nam a2200265 a 4500
008
020 _a0750618337 (pbk.)
049 _aMAIN
090 _aHC286.8
100 1 _aRandlesome, Collin.
245 1 4 _aThe business culture in Germany :
_bportrait of a power house /
_cColin Randlesome.
260 _aOxford :
_bButterworth-Heinemann,
_c1994.
300 _axiii, 240 p. :
_bill., maps ;
_c24 cm.
504 _aIncludes bibliographical references: p. 223-225.
500 _aIncludes index.
651 0 _aGermany
_xCommerce.
650 0 _aBusiness enterprises
_zGermany.
650 0 _aCorporations, Foreign
_zGermany.
650 0 _aCorporate culture
_zGermany.
907 _a.b10050267
_b05-07-03
_c17-04-03
003
005 20230123133320.0
040 _cNUST
942 _cBOOKS
_kHC286.8
999 _c146471
_d146471